=LDR 00000nam 2200000 4500 =001 INLIS000000000015367 =005 20130612110639 =008 ***********************************Ind** =035 ##$$0010-061300000015367 =041 ##$$a Ind =082 ##$$a 657.07 =090 ##$$a 657.07, NUR-p =100 ##$$a Nurdin, Muh B =245 ##$$a Pelajaran Akuntansi 3 untuk SMU Kelas 3 cawu 1,2 =260 ##$$a 1997 $b Surabaya =300 ##$$a 207 hlm, Ilus, 21 cm =650 ##$$a Akuntansi-Studi dan Penyajian =850 ##$$a NBPNMAT